| 000 | 01265nam a2200193 i 4500 | ||
|---|---|---|---|
| 001 | 164258 | ||
| 003 | ES-MaACL | ||
| 005 | 20250806050953.0 | ||
| 008 | 931025s1886 fr |||| | fre d | ||
| 100 | 1 |
_aSáenz Díez, Gustavo. _9132269 |
|
| 245 | 1 | 0 |
_aRapport sur l'étude chimique des eaux azotées d'Espagne _b: Congrés International d'hydrologia et de climatologie de Biarritz (1886) / _cpar Gustave Saenz Diez. |
| 260 |
_aBayonne : _b[s.n.], _c1886 ( _fL. Laserre) |
||
| 300 |
_a17, 8 p., [1] h. pleg. ; _c21 cm. |
||
| 650 | 7 |
_aAguas minerales _2embne _9135517 |
|
| 711 | 2 |
_aCongrès International d'Hydrologie et de Climatologie ( _d1886. _cBiarrtiz) _9152987 |
|
| 852 |
_aES-MaACL _jT-684-F-4 _z-- Enc. hol. conservando la cub. original _q-- Sólo las 17 p. _z-- Enc. en un vol. facticio _x-- Edic.: Las 8 p., [1] h. pleg. corresponden a la Tableaux-Appendices con port. propia -- En port. consta: L. Laserre imprimeur-libraire |
||
| 852 |
_aES-MaACL _jT-470-F-17 y 21 _z-- Enc. hol. _q-- Encuadernadas separadas las secuencias de 17 y 8 p. _z-- Enc. en un vol. facticio _x-- Edic.: Edic.: Las 8 p., [1] h. pleg. corresponden a la Tableaux-Appendices con port. propia -- En port. consta: L. Laserre imprimeur-libraire |
||
| 999 |
_c164258 _d164258 |
||